Normal view
MARC view
- زيادة،أحمد رشيد عبد الرحيم
Entry Personal Name
001 - CONTROL NUMBER
- control field: 21838
003 - CONTROL NUMBER IDENTIFIER
- control field: JO-AjAnu
005 - DATE AND TIME OF LATEST TRANSACTION
- control field: 20230606073758.0
008 - FIXED-LENGTH DATA ELEMENTS
- fixed length control field: 230606|| aca||aabn | a|a d
040 ## - CATALOGING SOURCE
- Original cataloging agency: JO-AjAnu
- Transcribing agency: JO-AjAnu
100 ## - HEADING--PERSONAL NAME
- Personal name: زيادة،أحمد رشيد عبد الرحيم
670 ## - SOURCE DATA FOUND
- Source citation: Work cat.: (JO-AjAnu)11223: زيادة،أحمد رشيد عبد الرحيم, author, العنف المدرسي بين التظرية والتطبيق